00476 a2200181 450000100060000002000150000604000240002110000150004524000260006024500210008630000070010736200090011444000120012365000310013594200070016695201040017399900170027769803 a8508075006 cAnchieta - Itaigara aMaar, Paul10aA viagem de Lisalpor10aA viagem de Lisa a300 a2001 1aÁtica 4aLiteratura infanto-juvenil cBK 00104070a88.1b88.1d2023-11-21l0o028.5 MAA VIAp2540/ITAr2023-11-21 20:04:32w2023-11-21yBK c69803d69803